[Event "Centrocoop June op-A"]
[Site "Eforie Nord "]
[Date "1998.??.??"]
[Round "?"]
[White "Tokmachev, Mikhail"]
[Black "Tkachenko, Vadim"]
[Result "1-0"]
[WhiteElo "2230"]
[BlackElo "2000"]

1.e4 c5 2.Nf3 e6 3.d4 cxd4 4.Nxd4 a6 5.Bd3 Qc7 6.O-O Nf6 7.Nd2 Nc6 8.N2f3 Nxd4
9.Nxd4 Be7 10.Re1 d6 11.Qf3 Bd7 12.Qg3 Qa5 13.c3 Nh5 14.Qf3 Nf6 15.Qg3 h5
16.Bf1 O-O-O 17.b4 Qb6 18.Be3 Qc7 19.f3 Kb8 20.c4 h4 21.Qf2 Rh7 22.a4 Nh5
23.b5 a5 24.Nb3 Rdh8 25.Bb6 Qc8 26.Nxa5 e5 27.h3 Rh6 28.Kh2 Rg6 29.Be3 Rg3
30.Nb3 f5 31.Qd2 Qd8 32.exf5 Rf8 33.a5 Bg5 34.a6 Bxe3 35.Qxe3 Bc8 36.axb7 Bxb7
37.Qa7+ Kc8 38.Na5 Rf7 39.Nxb7 Rxb7 40.Qa8+ Rb8 41.Qc6+ Qc7 42.Qe8+  1-0

[Event "Centrocoop June op-B"]
[Site "Eforie Nord"]
[Date "1998.??.??"]
[Round "?"]
[White "Talmazan, Ion"]
[Black "Mihet, Vasile"]
[Result "0-1"]
[WhiteElo "1750"]
[BlackElo "1760"]

1.e4 c5 2.d4 e6 3.Nf3 cxd4 4.Nxd4 a6 5.Bd3 Qc7 6.O-O Nf6 7.h3 Nc6 8.c3 b6
9.Nf3 h6 10.Be3 Bb7 11.Nbd2 Bc5 12.Bxc5 bxc5 13.Re1 d6 14.Qe2 e5 15.Rad1 O-O
16.Bc2 a5 17.a4 Ne7 18.Nh4 g6 19.Qf3 Kg7 20.Re3 d5 21.Ree1 d4 22.cxd4 cxd4
23.Bd3 Ba6 24.Qe2 Bxd3 25.Qxd3 Nh5 26.g3 Qd7 27.Kg2 Qxa4 28.Nc4 Qb5 29.Nf3 Nc6
30.Ncxe5 Qxd3 31.Rxd3 Nb4 32.Rd2 Rfe8 33.Ree2 Rad8 34.Nd3 Nc6 35.Nfe1 Nf6
36.f3 Rb8 37.e5 Nd5 38.f4 h5 39.Nf3 Rb3 40.Re4 Ne3+ 41.Kf2 Nc4 42.Rc2 Nxb2
43.Nxb2 Nb4 44.Rd2 Rxb2 45.Rxb2 Nd3+ 46.Ke2 Nxb2 47.Rxd4 Re7 48.Rd2 Rb7 49.Nd4 a4
50.Nc2 Rb3 51.Kf1 Nc4 52.Re2 a3 53.Na1 Rb1+ 54.Re1 Rb2 55.Re2  0-1

[Event "Eger Agria op"]
[Site "Eger Agria"]
[Date "1998.??.??"]
[Round "9"]
[White "Eberth, Zoltan"]
[Black "Taskovits, Istvan"]
[Result "1-0"]
[WhiteElo "2235"]
[BlackElo "2305"]

1.e4 c5 2.Nf3 e6 3.d4 cxd4 4.Nxd4 a6 5.Bd3 Bc5 6.Nb3 Ba7 7.Qe2 d6 8.Be3 Nc6
9.O-O Nf6 10.Bxa7 Rxa7 11.N1d2 O-O 12.a3 e5 13.c4 Be6 14.Rfc1 Ra8 15.Rc3 g6
16.Nf1 Nh5 17.g3 a5 18.a4 Qb6 19.Ne3 Rac8 20.Rac1 Nd4 21.Qd1 Qb4 22.Nc2 Nxc2
23.Qxc2 Bd7 24.Ra1 Bxa4 25.Ra3 b6 26.Qd2 Ng7 27.Nc1 Ne6 28.Na2 b5 29.Nxb4 axb4
30.cxb5 bxa3 31.bxa3 Nd4 32.Kg2 Rb8 33.Qg5 Bxb5 34.Bxb5 Rxb5 35.Qe7 Rb2 36.h4 h5
37.a4 Ra2 38.Qd7 Kg7 39.Rc4 Nc2 40.Qa7 Ne1+ 41.Kg1 Nf3+ 42.Kg2 Ne1+ 43.Kg1 Nf3+
44.Kh1 Rb8 45.Rc7 Rf8 46.Rd7 Re2 47.Rxd6 Rxe4 48.Kg2 Nd4 49.Qe7 Nf5 50.Rxg6+ Kh7
51.Qxf8 fxg6 52.Qa3 Re1 53.Qc3 Re4 54.a5 Re2 55.a6 Ra2 56.Qc7+  1-0

[Event "FIN-chT9899"]
[Site "FIN"]
[Date "1998.??.??"]
[Round "1"]
[White "Nokso Koivisto, Antti"]
[Black "Leino, Jukka"]
[Result "1-0"]
[WhiteElo "2215"]
[BlackElo "2175"]

1.e4 c5 2.Nf3 e6 3.d4 cxd4 4.Nxd4 a6 5.Bd3 b5 6.O-O Qb6 7.Nb3 Qc7 8.f4 Nc6
9.Nc3 d6 10.Qf3 Bb7 11.Qh3 Nf6 12.Bd2 Be7 13.Rae1 h5 14.Kh1 Ng4 15.Qf3 O-O-O
16.a4 b4 17.Na2 d5 18.c3 dxe4 19.Bxe4 f5 20.Bxc6 Bxc6 21.Qe2 Qb7 22.cxb4 Bd5
23.Rc1+ Kb8 24.Rc3 Bf6 25.Rh3 Rd6 26.b5 axb5 27.Bb4 Rdd8 28.axb5 Qa7 29.Na5 Ka8
30.Ra3 Kb8 31.Nc6+ Bxc6 32.Rxa7 Bb7 33.Rxb7+ Kxb7 34.Qf3+  1-0

[Event "FIN-chT9899"]
[Site "FIN"]
[Date "1998.??.??"]
[Round "1"]
[White "Nevanlinna, Risto"]
[Black "Karttunen, Mika"]
[Result "0-1"]
[WhiteElo "2275"]
[BlackElo "2245"]

1.e4 c5 2.Nf3 e6 3.d4 cxd4 4.Nxd4 a6 5.Bd3 Qc7 6.Be3 Nf6 7.O-O Be7 8.Nc3 d6
9.f4 O-O 10.g4 Nc6 11.g5 Nd7 12.f5 Nxd4 13.Bxd4 Bxg5 14.fxe6 fxe6 15.Qh5 h6
16.e5 dxe5 17.Ne4 exd4 18.Nxg5 Nf6 19.Nh7 Qf7 20.Nxf6+ gxf6 21.Qh4 f5 22.Kf2 Qf6
23.Qh5 Bd7 24.Rg1+ Kh7 25.Rg3 Rg8 26.Rag1 Rxg3 27.hxg3 Rg8 28.Qf3 Bc6 29.Qf4 Rg5
30.Re1 Bd5 31.Re5 Rg4 32.Rxf5 Rxf4+ 33.Rxf4+ Kg7 34.Rxf6 Kxf6 35.Bh7 e5 36.Ke2 e4
37.c3 Bc4+ 38.Kd1 Ke5 39.a3 Bf7 40.Kd2 b6 41.Ke2 Bc4+ 42.Ke1 dxc3 43.bxc3 e3
44.Bg6 Kd5 45.Bf7+ Kc5 46.Bg6 Kb5 47.Bc2 Kc5 48.Bg6 Bb5 49.Bf7 Bd3 50.Be6 Kd6
51.Bf7 Ke5 52.Be8 Kf5 53.Bd7+ Kg5 54.Bc8 a5 55.Bd7 Bf5 56.Bc6 Kg4 57.Ke2 Kxg3
58.Kxe3 h5  0-1

[Event "Fourmies op"]
[Site "Fourmies"]
[Date "1998.??.??"]
[Round "?"]
[White "Coenen, Norbert"]
[Black "Chuchelov, Vladimir"]
[Result "0-1"]
[WhiteElo "2335"]
[BlackElo "2545"]

1.e4 c5 2.Nf3 e6 3.d4 cxd4 4.Nxd4 a6 5.Bd3 Bc5 6.Nb3 Ba7 7.Qe2 Nc6 8.Nc3 d6
9.Be3 Nge7 10.f4 b5 11.O-O-O b4 12.Na4 Bd7 13.e5 Nd5 14.Bd2 dxe5 15.fxe5 Qc7
16.Rhe1 Nce7  0-1

[Event "FRA-chJM3"]
[Site "FRA"]
[Date "1998.??.??"]
[Round "7"]
[White "Gaston, Serge"]
[Black "Aranovitch, Gregory"]
[Result "1/2-1/2"]
[WhiteElo "2135"]
[BlackElo "2060"]

1.e4 c5 2.Nf3 e6 3.d4 cxd4 4.Nxd4 a6 5.Bd3 d6 6.O-O Nf6 7.c4 Be7 8.Nc3 O-O
9.b3 Nbd7 10.Bb2 Qc7 11.Qe2 b6 12.Rad1 Bb7 13.Bb1 Rad8 14.Nc2 Nc5 15.f3 Bc6
16.Ne3 Rfe8 17.Qc2 Ncd7 18.Ncd5 Bxd5 19.exd5 e5 20.Kh1 Bf8 21.Ng4 g6 22.Nxf6+ Nxf6
23.f4 Ng4 24.Qc3 Qc5 25.fxe5 Nxe5 26.Qg3 Bg7 27.h3 Nd7 28.Bxg7 Kxg7 29.Qf4 f5
30.Rde1 Rxe1 31.Rxe1 Ne5 32.Re3 Qb4 33.Bxf5 Qd2 34.Qg5 Rf8 35.Be6 Rf1+ 36.Kh2 Nf3+
37.Rxf3 Qxg5 38.Rxf1 Qe5+ 39.Kh1 Qd4 40.Rf7+ Kh6 41.Rb7 Kg5 42.Rxh7 Qa1+
43.Kh2 Qxa2 44.h4+ Kf6 45.Rf7+ Ke5 46.Rf3 b5 47.cxb5 axb5 48.Kh3 Qc2 49.Bd7 b4
50.Be6 Kd4 51.Bf7 Ke5 52.Be6 Kd4 53.Rg3 Ke5 54.Re3+ Kf4 55.Rf3+ Ke5 56.Bf7 Qc8+
57.Kh2 Qg4 58.Kg1 Qxh4 59.Bxg6 Kxd5 60.Bf7+ Ke5 61.Rd3 Qe1+ 62.Kh2 Qb1 63.Bc4 Qc1
64.Kh3 Qf4 65.g3 Qh6+ 66.Kg2 Ke4 67.Rd5 Qf6 68.Rd3 Qf8 69.Kh3 Qf1+ 70.Kh4 Qh1+  1/2-1/2

[Event "FRA-chJM2"]
[Site "FRA"]
[Date "1998.??.??"]
[Round "9"]
[White "Carpentier, Pierre"]
[Black "Cohen, Aurelien"]
[Result "1/2-1/2"]
[WhiteElo "2190"]
[BlackElo "2080"]

1.e4 c5 2.Nf3 e6 3.d4 cxd4 4.Nxd4 a6 5.Bd3 Nc6 6.Nxc6 dxc6 7.Nd2 e5 8.Qh5 Bd6
9.Nc4 Nf6 10.Nxd6+ Qxd6 11.Qe2 O-O 12.O-O b5 13.a4 Bb7 14.Rd1 Rfd8 15.Be3 Qe6
16.f3 Nd7 17.Qf2 Qe7 18.Bf1 Nf8 19.Bc5 Qe6 20.Bxf8 Rxd1 21.Rxd1 Kxf8 22.Qh4 h6
23.Rd8+ Rxd8 24.Qxd8+ Qe8 25.Qd6+ Kg8 26.axb5 cxb5 27.c4 Bc6 28.b4 f6 29.c5 Qd7
30.Qxd7 Bxd7 31.Kf2 Kf7 32.Bd3 g5 33.Ke3 Ke7 34.g3 Be6 35.h4 Kd7  1/2-1/2

[Event "Pyramiden Franken Cup"]
[Site "Fuerth"]
[Date "1998.??.??"]
[Round "7"]
[White "Hamdouchi, Hichem"]
[Black "Oratovsky, Michael"]
[Result "1-0"]
[WhiteElo "2555"]
[BlackElo "2465"]

1.e4 c5 2.Nf3 e6 3.d4 cxd4 4.Nxd4 a6 5.Bd3 g6 6.O-O Bg7 7.Nb3 Nc6 8.c4 Nge7
9.Nc3 O-O 10.Bg5 h6 11.Bh4 g5 12.Bg3 Ne5 13.f4 gxf4 14.Bxf4 N7g6 15.Be3 b6
16.Be2 Bb7 17.Qd2 Kh7 18.Nd4 Rb8 19.Rf2 Rh8 20.Raf1 Kg8 21.b3 Rh7 22.Bh5 Qh4
23.Qd1 Bf8 24.g3 Qh3 25.Nc2 b5 26.Bxg6 Nxg6 27.Qxd7 f6 28.Qd2 b4 29.Rxf6 bxc3
30.Rxg6+ Rg7 31.Qd7 Qxf1+ 32.Kxf1 Rxg6 33.Qc7 Bxe4 34.Qxb8 Bxc2 35.Ke2 Bf5
36.c5 c2 37.c6 e5 38.Qa8 Be4 39.c7 Bxa8 40.c8=Q Bc6 41.Kd2 Bf3 42.Bc5 Rf6
43.Kxc2 Kh7 44.Qd7+ Bg7 45.Bd6 Be4+ 46.Kd2 Bf5 47.Qc7 Bg6 48.Bxe5 Rf7 49.Qd6 Bxe5
50.Qxe5 Rf2+ 51.Kc3 Rxa2 52.g4 Rf2 53.b4 Rf3+ 54.Kd4 Rf7 55.Qd6 Ra7 56.Kc5 Be8
57.Qd3+ Bg6 58.Qe2 Ra8 59.Qe7+ Kg8 60.Qb7 Re8 61.Qxa6 Re5+ 62.Kd4 Re4+ 63.Kd5 Rxb4  1-0

[Event "BL2-S9798"]
[Site "Germany"]
[Date "1998.??.??"]
[Round "?.2"]
[White "Stanec, Nikolaus"]
[Black "Ivanov, Mikhail M"]
[Result "1-0"]
[WhiteElo "2465"]
[BlackElo "2445"]

1.e4 c5 2.Nf3 e6 3.d4 cxd4 4.Nxd4 a6 5.Bd3 Qb6 6.Nb3 Qc7 7.O-O Nf6 8.f4 d6
9.Nc3 Be7 10.Qe2 Nc6 11.Bd2 b5 12.Rae1 b4 13.Nd1 Bb7 14.Nf2 a5 15.Be3 O-O
16.Nd2 e5 17.Ng4 exf4 18.Bxf4 Nxg4 19.Qxg4 Ne5 20.Qg3 Ng6 21.Nf3 Ba6 22.Bc1 a4
23.h4 Qc5+ 24.Be3 Qh5 25.Bg5 Rfe8 26.Bxe7 Qc5+ 27.Rf2 Rxe7 28.h5 Ne5 29.Nh4 Bc8
30.Be2 h6 31.Kh1 Qxc2 32.Ba6 Qxf2 33.Qxf2 Bxa6 34.Nf5 Rd7 35.Qg3 f6 36.Nxh6+ Kh7
37.Ng4 Nf7 38.Qf4 Re8 39.Qf5+  1-0

[Event "Oberliga Nord O9798"]
[Site "Germany"]
[Date "1998.??.??"]
[Round "?"]
[White "Lisek, Juergen"]
[Black "Brustkern, Juergen"]
[Result "1/2-1/2"]
[WhiteElo "2300"]
[BlackElo "2210"]

1.e4 c5 2.Nf3 e6 3.d4 cxd4 4.Nxd4 a6 5.Bd3 Qb6 6.Nb3 Qc7 7.c4 d6 8.Nc3 Nf6
9.Be3 b6 10.O-O Be7 11.Rc1 O-O 12.f3 Nbd7 13.Nd2 Bb7 14.Qe2 Rac8 15.Qf2 Bd8
16.Bf4 Qb8 17.Rfd1 Ne5 18.Be2 Bc7 19.Bg5 Ned7 20.Nf1 Rfe8 21.Kh1 h6 22.Bf4 Ne5
23.Be3 Ned7 24.Rd2 Re7 25.Rcd1 Rce8 26.Bf4 Ne5 27.Bxe5 dxe5 28.g4 Rd8 29.Rxd8+ Bxd8
30.Ng3 Rd7 31.c5 Rxd1+ 32.Nxd1 Nd7 33.cxb6 Bxb6 34.Qe1 Qd6 35.Qc3 Nb8 36.Bd3 Nc6
37.a3 Nd4 38.Kg2 g6 39.Ne2 a5 40.Ne3 Qd8 41.Nc4 Nxf3 42.Bc2 Nd4 43.Ng3 Bc7
44.b4 axb4 45.axb4 f5 46.Nd2 fxg4 47.Nb3 Bb6 48.Nc5 Bc6 49.Bd1 h5 50.Qe3 Qf6
51.Qh6 Bb5 52.h4 gxh3+ 53.Kxh3 Bf1+ 54.Nxf1 Qxf1+ 55.Kg3 Qg1+ 56.Kh3 Qh1+
57.Kg3 Qe1+ 58.Kh3 Qh1+ 59.Kg3 Bxc5 60.Qxg6+ Kf8 61.Qf6+ Kg8  1/2-1/2

[Event "BL2-S9798"]
[Site "Germany"]
[Date "1998.??.??"]
[Round "?.2"]
[White "Werner, Marc"]
[Black "Ivanov, Mikhail M"]
[Result "1/2-1/2"]
[WhiteElo "2365"]
[BlackElo "2445"]

1.e4 c5 2.Nf3 e6 3.d4 cxd4 4.Nxd4 a6 5.Bd3 d6 6.O-O Nf6 7.Qe2 Be7 8.c4 O-O
9.b3 Nfd7 10.Bb2 Bf6 11.Rd1 Nc5 12.Bc2 Qb6 13.Bc3 Qc7 14.f4 e5 15.Nf3 Bg4
16.Nbd2 Ne6 17.f5 Nd4 18.Bxd4 exd4 19.Rab1 Re8 20.h3 Bxf5 21.Qf2 Bg6 22.Nxd4 Nc6
23.Nxc6 bxc6 24.Rbc1 Re7 25.c5 Qa7 26.Nc4 dxc5 27.e5 Bxe5 28.Nxe5 Rxe5 29.Bxg6 hxg6
30.Rd6 Rae8 31.Rxc6 Rf5 32.Qh4  1/2-1/2

[Event "BL2-W9798"]
[Site "Germany"]
[Date "1998.??.??"]
[Round "?.1"]
[White "Van der Wiel, John TH"]
[Black "Chuchelov, Vladimir"]
[Result "1/2-1/2"]
[WhiteElo "2525"]
[BlackElo "2540"]

1.e4 c5 2.Nf3 e6 3.d4 cxd4 4.Nxd4 a6 5.Bd3 Nf6 6.O-O Qc7 7.Qe2 d6 8.c4 g6
9.Nc3 Bg7 10.Nf3 O-O 11.Bf4 Ng4 12.Rac1 Ne5 13.Nxe5 dxe5 14.Be3 Bd7 15.Rfd1 Nc6
16.Nd5 exd5 17.cxd5 b5 18.Rc3 Qb7 19.dxc6 Bxc6 20.Qc2 Rfc8 21.Rc1  1/2-1/2

[Event "Oberliga Nord W9798"]
[Site "Germany"]
[Date "1998.??.??"]
[Round "?.1"]
[White "Joachim, Sven"]
[Black "Bangiev, Alexander"]
[Result "1-0"]
[WhiteElo "2420"]
[BlackElo "2395"]

1.e4 c5 2.Nf3 e6 3.d4 cxd4 4.Nxd4 a6 5.Bd3 Nf6 6.O-O Qc7 7.f4 Bc5 8.c3 d6
9.Kh1 Nbd7 10.Nb3 Ba7 11.c4 h5 12.Nc3 Ng4 13.Qf3 Qb6 14.Nd1 a5 15.Bd2 a4
16.Nc1 Ndf6 17.Ne2 Bd7 18.Nec3 Rc8 19.Rb1 Bc6 20.b4 axb3 21.axb3 Qd8 22.b4 Bd4
23.h3 Ra8 24.Bc1 Qb6 25.Ne2 Ba4 26.Nxd4 Bxd1 27.Qxd1 Qxd4 28.Qe2 Ra2 29.Bb2 Qa7
30.Ra1 Rh6 31.Bxf6 Nf2+ 32.Qxf2 Qxf2 33.Rxf2 Rxf2 34.Bg5 Rh7 35.e5 g6 36.exd6 Rd2
37.Be4 Rxd6 38.Bxb7 f6 39.c5 Rd4 40.Bc6+ Kf7 41.Ra7+ Kg8 42.Rxh7 Kxh7 43.Bxf6 Rxf4
44.Be5 Rxb4 45.Bd7 Re4 46.c6 Rxe5 47.c7 Rc5 48.c8=Q Rxc8 49.Bxc8  1-0

[Event "BL2-W9798"]
[Site "Germany"]
[Date "1998.??.??"]
[Round "?.2"]
[White "Hall, Jesper"]
[Black "Chuchelov, Vladimir"]
[Result "1-0"]
[WhiteElo "2460"]
[BlackElo "2540"]

1.e4 c5 2.Nf3 e6 3.d4 cxd4 4.Nxd4 a6 5.Bd3 Nf6 6.Nc3 Qc7 7.f4 Bb4 8.Bd2 d6
9.Nb3 Nbd7 10.a3 Bxc3 11.Bxc3 b6 12.Qe2 Bb7 13.O-O-O O-O 14.Rhe1 Rfe8 15.g4 d5
16.e5 Ne4 17.Bxe4 dxe4 18.Bb4 Rac8 19.Bd6 Qc6 20.Kb1 a5 21.Nd4 Qc4 22.Qxc4 Rxc4
23.Nb5 e3 24.Bc7 Rxf4 25.Rxd7 e2 26.Rd2 Ba6 27.c4 Rc8 28.Bxb6 Rfxc4 29.Nc3 a4
30.h3 h5 31.gxh5 Rf4 32.Nxe2 Re4 33.Bf2 Rxe5 34.Ng3 Rxe1+ 35.Bxe1 f5 36.Rd6 Bc4
37.Bc3 Rc7 38.Kc1 Kh7 39.Kd2 f4 40.Ne4 Kh6 41.Be5 Rf7 42.Rd4  1-0

[Event "BL2-W9798"]
[Site "Germany"]
[Date "1998.??.??"]
[Round "?.3"]
[White "Kengis, Edvins"]
[Black "Siebrecht, Sebastian"]
[Result "1-0"]
[WhiteElo "2590"]
[BlackElo "2370"]

1.e4 c5 2.Nf3 e6 3.d4 cxd4 4.Nxd4 a6 5.Bd3 Nf6 6.O-O d6 7.c4 Be7 8.Nc3 Qc7
9.f4 Nbd7 10.Qe2 b6 11.Nf3 Bb7 12.e5 dxe5 13.fxe5 Ng4 14.Bf4 Rd8 15.Rae1 Bxf3
16.Rxf3 Qc5+ 17.Kf1 g5 18.Bg3 h5 19.Ne4 Qd4 20.Nd6+ Bxd6 21.exd6 Ndf6 22.Bg6 O-O
23.Rd1 Qc5 24.Bd3 h4 25.b4 Qxb4 26.Rxf6 Nxf6 27.Be5 Rxd6 28.Bxd6  1-0

[Event "NRW-Liga 9798"]
[Site "Germany"]
[Date "1998.??.??"]
[Round "5.2"]
[White "Hommeles, Theo"]
[Black "Adamski, Jan"]
[Result "1-0"]
[WhiteElo "2335"]
[BlackElo "2345"]

1.e4 c5 2.Nf3 e6 3.d4 cxd4 4.Nxd4 a6 5.Bd3 Nf6 6.O-O d6 7.f4 Nbd7 8.Be3 g6
9.Nd2 Bg7 10.Kh1 O-O 11.Qe1 Ng4 12.Bg1 e5 13.h3 Ngf6 14.Ne2 b6 15.Nc4 Qc7
16.fxe5 dxe5 17.a4 Bb7 18.Nc3 Rac8 19.Qh4 Qc6 20.Ne3 Qe6 21.Rad1 Kh8 22.Qe1 Nc5
23.Bc4 Qe8 24.Ned5 Nxd5 25.Bxd5 Bxd5 26.Nxd5 Nd7 27.c3 Rb8 28.Nc7 Qc8 29.Nxa6 Ra8
30.Nb4 Rxa4 31.Rd6 f5 32.exf5 gxf5 33.Qd1 Ra7 34.Nc6 Rc7 35.Ne7 Qe8 36.Nxf5 Bf6
37.Ng3 Be7 38.Re6 Rxf1 39.Qxf1 Qf8 40.Bxb6 Qxf1+ 41.Nxf1 Nxb6 42.Rxb6 Rd7
43.Re6 Rd1 44.Rxe7 Rxf1+ 45.Kh2 Rf2 46.Rxe5 Rxb2 47.Re7 Rd2 48.Rc7 Rd3 49.h4 Kg8
50.g3 h6 51.Kh3 Kf8 52.Kg4 Kg8 53.Kf4 Kf8 54.h5 Kg8 55.g4 Rd5 56.Rc4 Kf7
57.Ke4 Rd1 58.Rc7+ Kf6 59.Rc6+ Kg5 60.Rg6+ Kh4 61.c4 Rd2 62.c5 Rd1 63.c6 Rd2
64.Ke5  1-0

[Event "BL2-O9798"]
[Site "Germany"]
[Date "1998.??.??"]
[Round "9.6"]
[White "Stolz, Mike"]
[Black "Seuffert, Gabriel"]
[Result "0-1"]
[WhiteElo "2330"]
[BlackElo "2230"]

1.e4 c5 2.Nf3 e6 3.d4 cxd4 4.Nxd4 a6 5.Bd3 Bc5 6.Nb3 Ba7 7.Qe2 Nc6 8.Be3 d6
9.Nc3 Nf6 10.O-O Bxe3 11.Qxe3 O-O 12.Kh1 e5 13.Bc4 Nb4 14.Qe2 b5 15.Bd3 Be6
16.Rfd1 Qb6 17.Rd2 Rfd8 18.Qe1 Nxd3 19.Rxd3 b4 20.Nd1 Rac8 21.Rc1 a5 22.Nd2 d5
23.exd5 Bf5 24.Rg3 Nxd5 25.Qxe5 Qf6 26.Qe1 g6 27.Rf3 Re8 28.Qf1 Qg5 29.Ne3 Nxe3
30.fxe3 Rxe3 31.c3 bxc3 32.bxc3 Bd3 33.Qg1 Re2 34.Nb3 Be4 35.Rf2 Qe3 36.Rxe2 Qxe2
37.Nd4 Qxa2 38.Re1 Qd5 39.Re3 Re8 40.Nf3 Kf8 41.Qe1 Qa8 42.Qa1 Rb8 43.Qa3+ Kg8
44.Kg1 Bxf3 45.gxf3 Qd5 46.Kf2 Qd2+ 47.Re2 Qf4 48.Kg2 Qg5+ 49.Kf2 h6 50.Qd6 Rd8
51.Qa3 Rd1 52.Re8+ Kh7 53.Rh8+ Kg7  0-1

[Event "Capablanca mem Masters I"]
[Site "Havana"]
[Date "1998.??.??"]
[Round "8"]
[White "Tsuboi, Edson Kenji"]
[Black "Hernandez, Gustavo"]
[Result "1/2-1/2"]
[WhiteElo "2345"]
[BlackElo "2335"]

1.e4 c5 2.Nf3 e6 3.d4 cxd4 4.Nxd4 a6 5.Bd3 Nf6 6.O-O d6 7.c4 g6 8.Nc3 Bg7
9.Nf3 Nc6 10.Bf4 Ng4 11.Qd2 O-O 12.Be2 Nge5 13.Rfd1 Nxf3+ 14.Bxf3 Nd4 15.Be2 Qc7
16.Rac1 Bd7 17.Bf1 Bc6 18.Nd5 exd5 19.cxd5 Qe7 20.dxc6 bxc6 21.Qe3 c5 22.Bc4 a5
23.b3 Ra7 24.Re1 Re8 25.Qd3 Rb8 26.Bd5 Rb6 27.Rc4 h5 28.Be3 Nb5 29.Rcc1 Bd4
30.Rc4 Bxe3 31.fxe3 Nc7 32.Rf1 Nxd5 33.Qxd5 Rb4 34.Rd1 Rxc4 35.bxc4 Ra6 36.Rb1 Ra7
37.Rb8+ Kg7 38.Rb6 Rd7 39.a4 Qh4 40.g3 Qg4 41.Rxd6 Rxd6 42.Qxd6 Qe2 43.Qe5+ Kg8
44.Qxc5  1/2-1/2

[Event "Helsinki op2"]
[Site "Helsinki"]
[Date "1998.??.??"]
[Round "2"]
[White "Hartikainen, Markku"]
[Black "Raisa, Unto"]
[Result "1/2-1/2"]
[WhiteElo "2260"]
[BlackElo "2205"]

1.e4 c5 2.Nf3 e6 3.d4 cxd4 4.Nxd4 a6 5.Bd3 Nc6 6.Nxc6 dxc6 7.O-O e5 8.a4 a5
9.Be3 Nf6 10.h3 Be6 11.Qf3 Qc7 12.Nd2 Nd7 13.Nc4 Be7 14.Qg3 O-O 15.b3 Kh8
16.Bd4 f6 17.Bb2 Nc5 18.Qe3 Nxd3 19.cxd3 b5 20.Na3 Bxa3 21.Bxa3 b4 22.Bb2 Bxb3
23.d4 Bf7 24.dxe5 fxe5 25.Rac1 Bg6 26.Rc5 Rfe8 27.Rfc1 Re6 28.Qb3 Bf7 29.Qg3 Rae8
30.h4 Bg6 31.Qg4 Bf7 32.h5 Rh6 33.Qg3 Rxh5 34.Rxc6 Qd8 35.f4 Qd2 36.R6c2 Qxf4
37.Qxf4 exf4 38.Rc7 Kg8 39.Ra7 Rg5 40.Rcc7 Rf8 41.Kf2 Rd8 42.Kf3 Bh5+ 43.Kxf4 Rg4+
44.Ke3 Bg6 45.Rxg7+ Kf8 46.Kf3 h5 47.Rge7 Rd3+ 48.Ke2 Rxe4+ 49.Rxe4 Bxe4
50.Rxa5 Rg3  1/2-1/2

[Event "HUN-chT29899"]
[Site "HUN"]
[Date "1998.??.??"]
[Round "?"]
[White "Prohaszka, Peter"]
[Black "Herpai, Jozsef"]
[Result "1/2-1/2"]
[WhiteElo "2095"]
[BlackElo "2230"]

1.e4 c5 2.Nf3 e6 3.d4 cxd4 4.Nxd4 a6 5.Bd3 Nf6 6.O-O Qc7 7.Kh1 d6 8.Nc3 Nbd7
9.f4 Be7 10.a4 b6 11.Qf3 O-O 12.Bd2 Bb7 13.Rae1 Nc5 14.b4 Nxd3 15.cxd3 g6
16.Qh3 Qd7 17.Nf3 Nh5 18.g4 e5 19.f5 Nf4 20.Bxf4 exf4 21.Qh6 Bf6 22.Ng5 Bxg5
23.Qxg5 f6 24.Qxf4 g5 25.Qe3 b5 26.a5 Rac8 27.Rc1 Rfe8 28.Qd4 Re5 29.Kg1  1/2-1/2

[Event "HUN-chT9899"]
[Site "HUN"]
[Date "1998.??.??"]
[Round "?"]
[White "Paksa, Rudolf"]
[Black "Sax, Gyula"]
[Result "0-1"]
[WhiteElo "2275"]
[BlackElo "2525"]

1.e4 c5 2.Nf3 e6 3.d4 cxd4 4.Nxd4 a6 5.Bd3 g6 6.O-O Bg7 7.c3 d6 8.Be3 Nf6
9.f4 Nbd7 10.Nd2 O-O 11.Kh1 Qc7 12.Qe2 b6 13.Rae1 Bb7 14.f5 gxf5 15.exf5 e5
16.N4b3 Kh8 17.Bg5 Rg8 18.c4 Rac8 19.Rg1 a5 20.h3 Bf8 21.Bh4 Bh6 22.Rd1 a4
23.Nc1 Bg5 24.Bf2 Qc6 25.Nf3 Bxc1 26.Rxc1 e4 27.Bd4 exf3 28.Qe7 f2 29.Be4 fxg1=Q+
30.Rxg1 Qxe4  0-1

[Event "HUN-chT9899"]
[Site "HUN"]
[Date "1998.??.??"]
[Round "?"]
[White "Fogarasi, Tibor"]
[Black "Izsak, Gyula"]
[Result "1/2-1/2"]
[WhiteElo "2425"]
[BlackElo "2415"]

1.e4 c5 2.Nf3 e6 3.d4 cxd4 4.Nxd4 a6 5.Bd3 Nf6 6.O-O Qc7 7.Qe2 d6 8.c4 Nbd7
9.f4 e5 10.Nf5 exf4 11.Bxf4 Ne5 12.Nc3 Bxf5 13.exf5 Be7 14.Be4 Rc8 15.Rac1 O-O
16.Nd5 Nxd5 17.Bxd5 Bf6 18.Kh1 Rfe8 19.Rc3 Ng6 20.Re3 Rxe3 21.Bxe3 Ne7 22.Be4 Qxc4
23.Qxc4 Rxc4 24.Bxb7 Ra4 25.Bf4 Rxa2 26.Bxd6 Rxb2 27.Bxa6  1/2-1/2

[Event "HUN-chT9899"]
[Site "HUN"]
[Date "1998.??.??"]
[Round "?"]
[White "Csoke, Adrienn"]
[Black "Lehoczki, Viktor"]
[Result "1-0"]
[WhiteElo "2195"]
[BlackElo "2180"]

1.e4 c5 2.Nf3 e6 3.d4 cxd4 4.Nxd4 a6 5.Bd3 Nf6 6.O-O Qc7 7.Qe2 d6 8.c4 Nbd7
9.f4 Be7 10.b3 O-O 11.Bb2 b6 12.Nd2 Bb7 13.Rae1 Rfd8 14.e5 dxe5 15.Nxe6 fxe6
16.fxe5 Nc5 17.exf6 Rxd3 18.fxe7 Qxe7 19.b4 Rad8 20.Bc1 Na4 21.Qxe6+ Qxe6
22.Rxe6 Rc3 23.Re7 Rf8 24.Rxb7 Rxf1+ 25.Kxf1 Rxc1+ 26.Ke2 Rc2 27.Ke3 Rxa2
28.Ra7 Rb2 29.Rxa6 Rxb4 30.Ne4 Nc5 31.Ra8+ Kf7 32.Ra7+ Kg6 33.Nd6 Rb3+ 34.Kf4 Rb2
35.Ne8 Rf2+ 36.Ke3 Rf7 37.Rxf7 Kxf7 38.Nc7 Nd7 39.Kd4 Nf6 40.h3 h6 41.Na8 Nd7
42.Kd5 Ke7 43.Kc6 Ne5+ 44.Kb5 Kf6 45.Nxb6 Kf5 46.c5 Kf4 47.Nc4 Ng6 48.c6 Ne7
49.c7 Kg3 50.Nb6 Kxg2 51.Kc5 Kxh3 52.Kd6 g5 53.Kxe7  1-0

[Event "HUN-chT9899"]
[Site "HUN"]
[Date "1998.??.??"]
[Round "?"]
[White "Horvath, Adam"]
[Black "Kerek, Krisztian"]
[Result "1/2-1/2"]
[WhiteElo "2455"]
[BlackElo "2370"]

1.e4 c5 2.Nf3 e6 3.d4 cxd4 4.Nxd4 a6 5.Bd3 Nc6 6.Nb3 Nf6 7.f4 d6 8.Nc3 Qc7
9.Qf3 b5 10.g4 Bb7 11.g5 Nd7 12.Be3 Nc5 13.O-O-O O-O-O 14.Kb1 Kb8 15.h4 Be7
16.Rhe1 g6 17.Qf2 Rc8 18.Bxb5 Nxb3 19.Bb6 Qd7 20.Ba4 Bd8 21.Ba7+ Ka8 22.cxb3 Qe7
23.Be3 Ba5 24.a3 Bxc3 25.bxc3 Na5 26.Bb6 Nc6 27.c4 h6 28.Qd2 hxg5 29.hxg5 e5
30.Qxd6 Qxd6 31.Rxd6 exf4 32.b4 f5 33.Rf6 Rh5 34.Rf7 Rxg5 35.b5 Ne5 36.Rf6 Nd3
37.Rf1 Bxe4 38.Ka1  1/2-1/2

[Event "HUN-chT9899"]
[Site "HUN"]
[Date "1998.??.??"]
[Round "?"]
[White "Korpics, Zsolt"]
[Black "Farago, Ivan"]
[Result "0-1"]
[WhiteElo "2315"]
[BlackElo "2530"]

1.e4 c5 2.Nf3 e6 3.d4 cxd4 4.Nxd4 a6 5.Bd3 Nf6 6.O-O Qc7 7.Qe2 d6 8.c4 g6
9.b3 Bg7 10.Bb2 O-O 11.Nf3 Nc6 12.Nc3 Ng4 13.h3 Nge5 14.Nxe5 dxe5 15.Na4 Bd7
16.Nc5 Be8 17.Bc2 Rd8 18.Rfd1 Nd4 19.Bxd4 exd4 20.Nd3 f6 21.a4 Kh8 22.a5 Bh6
23.c5 Bb5 24.b4 f5 25.exf5 exf5 26.Qe5+ Qxe5 27.Nxe5 Rde8 28.Nd3 Re2 29.Ba4 Bc4
30.Rab1 Rd8 31.Nb2 Ba2 32.Re1 d3 33.Nxd3 Bxb1 34.Rxe2 Bxd3 35.Re7 Be4 36.f3 Bg5
37.Rc7 Be3+ 38.Kf1 Bd5 39.Ke2 Bf4 40.Re7 Bc4+ 41.Kf2 Rd2+ 42.Ke1 Ra2 43.Be8 Bd2+
44.Kd1 Bb3+  0-1

[Event "HUN-chT9899"]
[Site "HUN"]
[Date "1998.??.??"]
[Round "?"]
[White "Nemeth, Mi"]
[Black "Fusthy, Zsolt"]
[Result "1/2-1/2"]
[WhiteElo "2045"]
[BlackElo "2270"]

1.e4 c5 2.Nf3 e6 3.d4 cxd4 4.Nxd4 a6 5.Bd3 Nf6 6.Qe2 d6 7.O-O Be7 8.c4 O-O
9.b3 b6 10.Bb2 Bb7 11.Nc3 Nc6 12.Nxc6 Bxc6 13.Rac1 Qd7 14.Rfd1 Qb7 15.Bb1 b5
16.cxb5 axb5 17.b4 Rfd8 18.a3 Bf8 19.f4 d5 20.e5 Ne4 21.Nxe4 dxe4 22.Qe3 Rxd1+
23.Rxd1 Be7 24.Bd4 h6 25.Re1 Bd5 26.h3 Bh4 27.g3 Bd8 28.Kh2 Ra6 29.Rc1 Qa8
30.Rc3 Rc6 31.Bc5 Ra6 32.Bc2 Qb7 33.Bb1  1/2-1/2

[Event "HUN-chT9899"]
[Site "HUN"]
[Date "1998.??.??"]
[Round "?"]
[White "Nemeth, Mi"]
[Black "Lehoczki, Viktor"]
[Result "1/2-1/2"]
[WhiteElo "2045"]
[BlackElo "2180"]

1.e4 c5 2.Nf3 e6 3.d4 cxd4 4.Nxd4 a6 5.Bd3 Nf6 6.Qe2 d6 7.O-O Qc7 8.c4 g6
9.b3 Bg7 10.Bb2 O-O 11.Nd2 b6 12.Rad1 Bb7 13.Bb1 Nc6 14.N2f3 Rfd8 15.Nxc6 Bxc6
16.Nd4 Bb7 17.f4 b5 18.cxb5 Qb6 19.Kh1 axb5 20.Rfe1 b4 21.Qb5 Nd7 22.Qxb6 Nxb6
23.Bc1 e5 24.Nc2 d5 25.Be3 d4 26.Bd2 f5 27.exf5 e4 28.fxg6 hxg6 29.Bxb4 d3
30.Ne3 Nd5 31.Nxd5 Bxd5 32.Re3 Bd4 33.Rg3 Bf7 34.Rg5 Kh7 35.Ba5 Re8 36.Be1  1/2-1/2

[Event "HUN-chT29899"]
[Site "HUN"]
[Date "1998.??.??"]
[Round "?"]
[White "Bokros, Istvan"]
[Black "Szekeres, Tibor"]
[Result "1/2-1/2"]
[WhiteElo "2105"]
[BlackElo "2210"]

1.e4 c5 2.Nf3 e6 3.d4 cxd4 4.Nxd4 a6 5.Bd3 Bc5 6.Nb3 Ba7 7.Qe2 Nc6 8.Be3 Bxe3
9.Qxe3 Nf6 10.Nc3 d6 11.O-O-O Qc7 12.Rhe1 Rb8 13.f4 b5 14.e5 dxe5 15.fxe5 Nd7
16.Nd4 Ndxe5 17.Nxc6 Nxc6 18.Qc5 Qb6 19.Qg5 O-O 20.Re3 h6 21.Rh3 hxg5  1/2-1/2

[Event "HUN-chT 9798"]
[Site "Hungary"]
[Date "1998.??.??"]
[Round "?"]
[White "Emodi, Gyula"]
[Black "Kubacsny, Laszlo"]
[Result "1-0"]
[WhiteElo "2395"]
[BlackElo "2365"]

1.e4 c5 2.Nf3 e6 3.d4 cxd4 4.Nxd4 a6 5.Bd3 Qb6 6.Nb3 Qc7 7.Nc3 Nf6 8.Qe2 d6
9.g4 Nc6 10.g5 Nd7 11.f4 b5 12.Bd2 Nc5 13.O-O-O Be7 14.Kb1 O-O 15.Nxc5 dxc5
16.e5 g6 17.Be3 Bb7 18.h4 Nxe5 19.fxe5 Bxh1 20.Rxh1 Qxe5 21.Bd2 Qxe2 22.Bxe2 Rfd8
23.Ne4 b4 24.Be3 Rd5 25.Bf3 Rad8 26.Nf6+ Bxf6 27.Bxd5  1-0